000 00848nam a2200241 a 4500
999 _c11496
_d11496
001 11496
003 BD-JhCC
005 20191019095336.0
008 180603b 2009bg |||| ||a| 000 0 Mul d
020 _a984074740
035 _a(BD-JhCC)11496
040 _aBD-JhCC
_dBD-JhCC
041 _aMul
082 _bLAH 2009
_a333.7
100 _aলাহিড়ী, অরুণ কুমার
245 _aপরিবেশগত প্রভাব নিরূপণ ও ব্যবস্থাপনা /
_cঅরুণ কুমার লাহিড়ী,
260 _aঢাকা:
_bবাংলা একাডেমী ঢাকা;
_c২০০৯.
300 _a৫৯৪ পৃ. :
_c২২ সেমি.
650 _aEnvironmental impact analysis
650 _aEnvironmental management
942 _2ddc
_cBK